000 00888nam a2200289Ia 4500
003 OSt
005 20221007125514.0
006 a|||||r|||| 00| 0
007 ta
008 221006b |||||||| |||| 00| 0 eng d
020 _a0387954686 (hbd)
_c3014.01
024 _a12739
037 _b507/2004-05, 06/05/2004, Adurlo Books
_cTextual
040 _aCDL
_cCDL
_beng
041 _2eng
_aeng
082 _aE5:21, P3 Carc
100 _aGrossman Robert B
_9722039
245 0 _aArt of writing reasonable reaction mechanisms
250 _a2
260 _aNew
_bYork Springer-Verlag
_c2003
300 _axvi, 355p
_ccm.
500 _aIndex 341-355p.
650 _a Organic reaction mechanism
_9722040
650 _aChemistry
942 _hE5:21, P3 Carc
_cTEXL
_2CC
999 _c1215412
_d1215412